Potenciálny vývoj ropného priemyslu v USA diplomová práca

Gespeichert in:
Bibliographische Detailangaben
1. Verfasser: Chalupka, Peter
Körperschaft: Obchodná fakulta EU. Katedra medzinárodného obchodu
Weitere Verfasser: Hlušková, Tatiana, 1987-
Format: Buch
Sprache:Slowakisch
Veröffentlicht: Bratislava 2020
Tags: Tag hinzufügen
Keine Tags, Fügen Sie das erste Tag hinzu!

MARC

LEADER 00000nbm a2200000 4500
001 0266398
005 20201008083245.3
041 0 |a slo 
044 |a SK 
245 1 0 |a Potenciálny vývoj ropného priemyslu v USA  |b diplomová práca  |c Peter Chalupka ; školiteľ: Tatiana Hlušková 
264 1 |a Bratislava  |c 2020 
300 |a 104 s. 
100 1 |a Chalupka, Peter 
700 1 |a Hlušková, Tatiana, 1987- 
710 2 |a Obchodná fakulta EU. Katedra medzinárodného obchodu